000 00349nam a2200145Ia 4500
005 20251222143121.0
008 251222s9999||||xx |||||||||||||| ||spa||
020 _a84-7050-258-1
082 _a263.4/A54
100 _aAmigo Vallejo, Carlos
245 0 _aEl Trato con Dios no tiene Amargura
250 _a2a.ed.
264 _bEdicep
942 _cLIB
999 _c11526
_d11526